Quantum mechanics (Record no. 84903)

MARC details
000 -LEADER
fixed length control field 00434pam a2200157 a 4500
020 ## - INTERNATIONAL STANDARD BOOK NUMBER
International Standard Book Number 81-85198-02-0
Terms of availability
040 ## - CATALOGING SOURCE
Original cataloging agency TEZU_784025
041 ## - LANGUAGE CODE
Language code of text/sound track or separate title eng
082 ## - DEWEY DECIMAL CLASSIFICATION NUMBER
Classification number 530.12
Item number POW
100 ## - MAIN ENTRY--PERSONAL NAME
Personal name Powell,John L
Relator term Author
245 ## - TITLE STATEMENT
Title Quantum mechanics
Statement of responsibility, etc. by John L.Powell and Bernd Crasemann
Medium Textual Documents
260 ## - PUBLICATION, DISTRIBUTION, ETC.
Place of publication, distribution, etc. New Delhi
Name of publisher, distributor, etc. Narosa Publishing
Date of publication, distribution, etc. 1995
300 ## - PHYSICAL DESCRIPTION
Extent x,508p;24cm
700 ## - ADDED ENTRY--PERSONAL NAME
Personal name Crasemann,Bernd,
Relator term Author.
930 ## - EQUIVALENCE OR CROSS-REFERENCE-UNIFORM TITLE HEADING [LOCAL, CANADA]
Uniform title 7994
Holdings
Withdrawn status Lost status Damaged status Not for loan Collection Home library Current library Date acquired Source of acquisition Cost, normal purchase price Total Checkouts Full call number Barcode Date last seen Copy number Price effective from Koha item type
          Yashwantrao Mohite College of Arts, Science And Commerce, Pune Yashwantrao Mohite College of Arts, Science And Commerce, Pune 27/05/2021 Goal Book Agency 195.00   530.12 POW YMP-38110 24/02/2023 2 24/02/2023 Book
          Yashwantrao Mohite College of Arts, Science And Commerce, Pune Yashwantrao Mohite College of Arts, Science And Commerce, Pune 27/05/2021 Goal Book Agency 195.00   530.12 POW YMP-38109 24/02/2023 1 24/02/2023 Book